Countries Dua Lipa has Visited - Statistics

General Stats
  • This quiz has been taken 136 times
    89 since last reset
  • The average score is 33 of 46
Answer Stats
Continent Country % Correct
Europe France
90%
Europe United Kingdom
88%
North America United States of America
88%
North America Mexico
87%
Oceania Australia
86%
South America Brazil
86%
Asia Japan
86%
Europe Albania
84%
Europe Germany
84%
Europe Italy
84%
South America Argentina
83%
Europe Spain
83%
North America Canada
82%
Asia China
79%
South America Chile
78%
Europe Portugal
78%
Europe Ireland
77%
Asia/ Europe Russia
77%
Europe Austria
75%
Asia India
75%
Oceania New Zealand
75%
Asia South Korea
75%
Europe Switzerland
75%
Europe Norway
74%
Europe Sweden
74%
Europe Finland
73%
Europe Poland
73%
Europe Belgium
71%
South America Colombia
71%
Europe Denmark
71%
Europe Kosovo
70%
Europe Netherlands
70%
Asia/ Europe Turkey
70%
Asia Indonesia
69%
Europe Hungary
66%
Asia Thailand
65%
Asia Singapore
64%
Asia Malaysia
57%
Asia Philippines
57%
Europe Serbia
57%
Europe Slovakia
57%
Europe Luxembourg
55%
Asia Taiwan
55%
Asia United Arab Emirates
55%
Europe Lithuania
43%
Asia Azerbaijan
35%
No matching quizzes found
Score Distribution
Percent of People with Each Score
Percentile by Number Answered
Your Score History
You have not taken this quiz since the last reset